| 000 | 00671nam a2200229 a 4500 | ||
|---|---|---|---|
| 005 | 20210219153336.0 | ||
| 008 | 991125n 000 0 spa u | ||
| 035 | _aUPN01000092613 | ||
| 100 | 1 | _aHernández Solís, María Antonieta | |
| 222 | _aREVISTA DE LA EDUCACION SUPERIOR | ||
| 245 | _aLa planeación educativa como campo de innovación curricular | ||
| 300 | _a23-35 | ||
| 362 | 0 | _a1988 Vol. 17, no. 2(66), abr.-jun. | |
| 653 | 0 | _aEDUCACION NORMAL | |
| 653 | 0 | _aINNOVACION CURRICULAR | |
| 653 | 0 | _aJALISCO, MEXICO | |
| 653 | 0 | _aPLANEACION EDUCATIVA | |
| 700 | 1 | _aGonzález, Fabián, | |
| 700 | 1 | _ecoaut. | |
| 904 |
_aAC _b030424 |
||
| 905 | _aArticulo | ||
| 999 |
_c74400 _d74400 |
||